000 00325nam a22001337a 4500
020 _a8178212807
082 _a227 THO5
100 _aThomas, M.M.
245 _aThe Witness of God's People in The World: Romans [8-16]
260 _aTiruvalla, Kerala
_bCSS Books
_c2010
300 _a110
650 _aEpistles
942 _cBK
999 _c22708
_d22708